书目信息 |
| 题名: |
花卉黑白画
|
|
| 作者: | ;中央工艺美术学院染织美术系 编 | |
| 分册: | ||
| 出版信息: | 天津 天津人民美术出版社 1978.09 |
|
| 页数: | 108页 | |
| 开本: | 26cm | |
| 丛书名: | ||
| 单 册: | ||
| 中图分类: | J212.27 | |
| 科图分类: | ||
| 主题词: | 绘画--技法(美术) | |
| 电子资源: | ||
| ISBN: | ||
| 000 | 00630nam0 2200205 45 | |
| 001 | 0209241617 | |
| 005 | 20031219104115.3 | |
| 010 | @dCNY1.40 | |
| 091 | @a8073.50100 | |
| 100 | @a20020924d1978 km y0chiy0120 ea | |
| 101 | 0 | @achi |
| 105 | @a z 000yy | |
| 200 | 1 | @a花卉黑白画@AHua Hui Hei Bai Hua@f中央工艺美术学院染织美术系编@FZhong Yang Gong Yi Mei Shu Xue Yuan Ran Zhi Mei Shu Xi Bian |
| 210 | @a天津@c天津人民美术出版社@d1978.09 | |
| 215 | @a108页@d26cm | |
| 606 | 0 | @a绘画@x技法(美术) |
| 690 | @aJ212.27@v3 | |
| 711 | 02 | @a中央工艺美术学院染织美术系@4编 |
| 801 | @aCN@bTSTC@c20020924 | |
| 905 | @f1@b6905@dJ212.27@e11 | |
| 花卉黑白画/中央工艺美术学院染织美术系编.-天津:天津人民美术出版社,1978.09 |
| 108页;26cm |
| ISBN :CNY1.40 |
| ● |
| 相关链接 |
|
|
|
|
正题名:花卉黑白画
索取号:J212.27/11
 
预约/预借
| 序号 | 登录号 | 条形码 | 馆藏地/架位号 | 状态 | 备注 |
| 1 | 0006905 | 001837837 | 第一借阅区/ [索取号:J212.27/11] | 在馆 |